[Event "7th RTU Open 2017"]
[Site "Riga"]
[Date "2017.08.12"]
[Round "8"]
[White "Thybo, Jesper Sondergaard"]
[Black "Klabis, Rokas"]
[Result "1/2-1/2"]
[WhiteElo "2464"]
[BlackElo "2355"]
[Annotator "TA"]
[PlyCount "105"]
[EventDate "2017.??.??"]
[EventType "swiss"]
[EventCountry "LAT"]
[SourceTitle "playchess.com"]
[Source "ChessBase"]
[SourceQuality "1"]

{[%evp 20,105,94,78,132,128,188,131,122,118,121,128,110,112,130,139,129,131,158,157,163,158,158,158,158,158,158,158,160,112,152,110,130,30,129,129,129,129,140,143,146,133,125,125,149,54,34,39,61,36,208,33,38,10,4,0,0,0,0,0,0,-2,0,-10,0,0,0,0,0,0,0,0,0,-8,-8,-8,-8,-76,0,0,0,0,0,-8,0,0,0,0]} 1. Nf3 Nf6 2. c4 e6 3. g3 d5 4. Bg2 Be7 5. O-O O-O 6. d4 dxc4 7. Qc2 a6 8. a4 Nbd7 9. Rd1 c5 10. Nbd2 cxd4 11. Nxc4 {LiveBook: 7 Games} Bc5 {E05: Open Catalan: 5 Nf3 Be7} (11... Nd5 $142) (11... Nd5 12. Nxd4 N7b6 13. Bd2 Qc7 14. Ne3 Qxc2 15. Ndxc2 a5 16. Nxd5 Nxd5 17. Ne3 Nb6 18. Bc3 Bc5 19. Bd4 Bxd4 20. Rxd4 {1-0 (46) Soto Hernandez,H (2437)-Cu Hor,W (2306) Matanzas 2017}) 12. Nxd4 $16 Qc7 (12... Qe7 $16 {is a better defense.} 13. Nb3 Nb6) 13. b4 $146 ({Better is} 13. Bf4 $1 $18 {[%cal Rf4c7]} Qd8 14. Nb3) ({Predecessor:} 13. b3 Re8 14. a5 e5 15. Nf5 Ng4 16. e3 Nf8 17. h3 Nf6 18. Bb2 Ng6 19. Rac1 {½-½ (31) Peredy,F (2210)-Lengyel,B (2320) Budapest 1994}) 13... Bxb4 {White is clearly better.} 14. Bf4 e5 15. Nxe5 $1 Qxc2 16. Nxc2 Bc3 17. Nxd7 Nxd7 18. Rab1 Re8 19. Ne3 {Hoping for Nd5.} ({But not} 19. Bxb7 $6 Bxb7 20. Rxb7 Nc5 $14) 19... Be5 20. Bxe5 Nxe5 21. Nd5 {And now Nc7 would win.} Ra7 22. Ne7+ Kf8 23. Nxc8 Rxc8 24. Bxb7 Rc4 25. a5 Rc5 26. Rd8+ Ke7 27. Rd5 Rxd5 28. Bxd5 {[%mdl 4096] Endgame KRB-KRN} Kd6 29. e4 Kc5 30. Kf1 Nd3 31. Rb8 Nb4 32. Bb3 (32. Bb7 $16) 32... Nc6 $14 33. Rc8 Kd6 34. Ke1 Nxa5 $2 {[#]} (34... f6 $1 $14) 35. Bd5 $2 (35. e5+ $1 $18 {[%mdl 512]} Kd7 (35... Kxe5 36. Rc5+) 36. Rf8) 35... f6 36. Rd8+ Kc7 37. Rh8 h6 38. Kd2 Nc6 39. Kc3 a5 40. Rg8 Kd6 41. Kb3 a4+ 42. Ka3 Nd4 43. Rd8+ Kc7 44. Rg8 Kd6 45. Rd8+ Kc7 46. Ra8 Rxa8 47. Bxa8 $11 {KB-KN} Nf3 48. h4 (48. Kxa4 $11 {keeps the balance.} Nxh2 49. Kb4) 48... g5 (48... Kd6 $17) 49. hxg5 {The position is equal.} fxg5 50. Kxa4 h5 51. Kb4 (51. e5 $5 Nxe5 52. Be4 $11) 51... h4 52. gxh4 gxh4 53. e5 {Precision: White = 58%, Black = 67%.} 1/2-1/2

[Event "7th RTU Open 2017"]
[Site "Riga"]
[Date "2017.08.12"]
[Round "8"]
[White "Yankelevich, Lev"]
[Black "Vishnu Prasanna  V"]
[Result "0-1"]
[WhiteElo "2447"]
[BlackElo "2538"]
[Annotator "TA"]
[PlyCount "74"]
[EventDate "2017.??.??"]
[EventType "swiss"]
[EventCountry "LAT"]
[SourceTitle "playchess.com"]
[Source "ChessBase"]
[SourceQuality "1"]

{[%evp 23,74,78,64,72,87,-17,73,70,64,20,79,61,90,0,147,116,166,0,0,0,0,-81,-89,-320,-88,-87,-81,-189,-122,-114,-107,-698,-701,-822,-823,-766,-762,-935,-897,-851,-666,-887,-812,-29991,-29991,-29991,-29992,-29992,-29993,-29993,-29994,-29994,-29995]} 1. c4 e6 2. Nc3 d5 3. d4 c5 4. cxd5 cxd4 5. Qa4+ Bd7 6. Qxd4 exd5 7. Qxd5 Nc6 8. Nf3 Nf6 9. Qd1 Bc5 10. e3 Qe7 11. Be2 O-O-O 12. Bd2 Kb8 {LiveBook: 4 Games. D32: Tarrasch Defence: Sidelines and lines without g3} 13. O-O g5 14. Nd4 (14. Nxg5 Rhg8 $11) ({Better is} 14. Qc2 $16) (14. b4 Bxb4 15. Nb5 Bc5 16. Bc3 g4 17. Nfd4 Ne4 18. Bb2 Rhg8 19. Nxc6+ Bxc6 20. Nd4 Bxd4 21. Bxd4 Nc3 22. Bxc3 Qe4 {0-1 (22) Amoyal,P (2155)-Miron,L (2506) Agneaux 2012}) 14... g4 $146 (14... h5 $11) ({Predecessor:} 14... Nxd4 15. exd4 Bxd4 16. Qb3 h6 17. Rae1 Be6 18. Bf3 a6 19. Qa4 Qc5 20. b4 {1-0 (29) Matijosius,V (1876)-Palladino,M (2112) ICCF email 2008}) 15. Bb5 $16 Ne5 16. b4 Bb6 (16... Bxb4 $11 {remains equal.} 17. Rb1 Bc5) 17. a4 $1 Bc8 18. a5 (18. Qc2 $16) 18... Bc7 (18... Bxd4 $11 19. exd4 Rxd4) 19. Be2 $1 Rhg8 20. a6 $2 ({White should play} 20. b5 $18) 20... Nf3+ $1 $11 21. Bxf3 gxf3 22. Qxf3 {[#]} (22. g3 $1 $11 Ne4 23. Nxe4 (23. axb7 Bxb7 24. Nxe4 Qxe4 $16) 23... Qxe4 24. b5) 22... Ng4 $1 $17 23. Rfc1 $2 {[#]} (23. g3 $17 Nxh2 24. Qg2 (24. Kxh2 Qh4+ 25. Kg1 Bxg3 $19) 24... Nxf1 25. Rxf1) 23... Bxh2+ $2 (23... Qh4 $1 $19 {[%cal Rh4h2] is more deadly.} 24. h3 (24. Ncb5 Qxh2+ 25. Kf1 Ne5 $19) 24... Ne5) 24. Kf1 {aiming for Ncb5.} Be5 25. Nd5 (25. Kg1 $17 Bh2+ 26. Kf1) 25... Qd7 (25... Nh2+ $19 26. Ke2 Qe8 27. Rxc8+ Rxc8) 26. Rxc8+ Rxc8 27. Qe4 $2 {[%mdl 8192] [#]} (27. Ke2 $17) 27... f5 $1 $19 {[%mdl 512]} 28. Qd3 (28. Nxf5 Bxa1) 28... Qxd5 29. axb7 Qxb7 {Strongly threatening ...Nxf2!} 30. Ra5 Bxd4 31. exd4 Qe4 32. Qb5+ Ka8 {( -> ...Nh2+)} 33. f3 Qb1+ {Black mates.} 34. Be1 Ne3+ 35. Ke2 Rxg2+ 36. Kxe3 Qxe1+ 37. Kf4 Qg3+ {Precision: White = 28%, Black = 41%.} 0-1

[Event "7th RTU Open 2017"]
[Site "Riga"]
[Date "2017.08.12"]
[Round "8"]
[White "Krivonosov, Oleg"]
[Black "Dastan, Muhammed Batuhan"]
[Result "1/2-1/2"]
[WhiteElo "2397"]
[BlackElo "2529"]
[Annotator "TA"]
[PlyCount "157"]
[EventDate "2017.??.??"]
[EventType "swiss"]
[EventCountry "LAT"]
[SourceTitle "playchess.com"]
[Source "ChessBase"]
[SourceQuality "1"]

{[%evp 17,157,44,50,25,51,51,85,-26,-25,-25,-26,-25,-25,-22,-27,-27,-15,-41,-40,-42,-40,-41,-44,-72,0,-9,29,-30,-30,-30,-30,-72,-87,-73,-62,-31,-29,-18,-18,-8,0,0,0,0,0,-10,-6,-14,0,0,0,0,0,0,0,0,0,0,0,0,0,0,0,0,0,0,0,0,0,-8,0,-9,0,0,0,0,0,0,0,0,-3,-3,-3,-3,-3,-3,-3,-3,-1,-1,0,0,0,0,0,0,0,-3,-3,-3,-3,-3,-3,-3,-3,-3,-3,-3,-3,-8,-3,-8,-3,-8,-8,-8,-8,-8,-3,-3,-3,-3,-3,-3,0,0,0,-3,-3,-3,-3,-3,-3,-3,-3,-3,-3,-3,-3,-10,0,0]} 1. Nf3 f5 2. g3 Nf6 3. Bg2 g6 4. b3 Bg7 5. Bb2 O-O 6. O-O d6 7. d4 Ne4 8. Nbd2 {[%cal Bb1d2,Bd2c4,Bc4e5][%mdl 32]} Nc6 9. Ne1 {A81: Dutch Defence: 2 g3} Ng5 {LiveBook: 28 Games} 10. Nc4 d5 11. Ne5 {White is slightly better.} f4 $146 ({Find the theoretical novelty and annotate with similar games:} 11... Nxe5 12. dxe5 c6 13. Nd3 Rb8 14. c4 e6 15. Qc2 b6 16. a4 c5 {½-½ (42) Lai,H (2334)-Reinderman,D (2592) Amstelveen 2015}) 12. gxf4 (12. Nxc6 $16 bxc6 13. Nd3) 12... Nh3+ $11 13. Bxh3 Bxh3 14. Ng2 Bxg2 15. Kxg2 Rxf4 16. e3 Rh4 17. Nxc6 bxc6 18. f4 Qd7 {Threatens to win with ...Qh3+.} 19. Rf3 Rf8 20. Rg3 {[#]} Qf5 ({Black should try} 20... c5 $1 $17 {[%mdl 512]}) 21. Qd3 Qe6 (21... c5 $5) 22. Rg1 {[#]} (22. Ba3 $142) 22... c5 $1 {[%cal Bc6c5,Bc5c4][%mdl 544]} 23. Kh1 (23. dxc5 Bxb2) 23... c4 24. Qf1 {[#]} c5 $1 {[%mdl 512]} 25. c3 (25. dxc5 Bxb2) 25... cxd4 26. cxd4 Rf5 27. bxc4 dxc4 {The position is equal.} 28. Bc3 Qc6+ 29. Qf3 {[#]} Rfh5 $1 {[%csl Gh5][%cal Rh4h2][%mdl 512]} 30. R1g2 Qb5 31. Qf1 Qd5 32. Qf3 Qf5 {( -> ...Qb1+)} 33. Qf1 Kf8 34. Kg1 Bf6 35. Qxc4 Rxh2 36. Rxh2 Qb1+ 37. Qf1 ({Don't blunder} 37. Kg2 $2 Qc2+ 38. Kf3 Rxh2 $19) 37... Qxf1+ 38. Kxf1 Rxh2 {[%mdl 4096] Endgame KRB-KRB} 39. Rg2 Rh3 40. Ke2 Kf7 41. Bb4 Ke6 42. Bc5 Kf5 {Hoping for ...Ke4.} 43. Kd3 a6 44. d5 Rh1 45. Bd4 Bxd4 {KRB-KR} 46. Rg5+ Kf6 47. Kxd4 {KR-KR} Rh2 48. Re5 Rxa2 49. Re6+ Kf7 50. Rb6 h5 51. Ke5 h4 {White must now prevent ...h3.} 52. f5 $1 gxf5 {And now ...h3 would win.} 53. Rh6 Ra3 {Strongly threatening ...Kg7.} (53... Rh2 $5 {[%cal Rh4h3]} 54. Rxa6 Re2 $11) 54. Kxf5 Rxe3 55. Rxh4 Ke8 56. Rh8+ Kd7 57. Ra8 Kd6 58. Rxa6+ Kxd5 59. Kf4 Re1 (59... Re4+ {is interesting.} 60. Kf5 Re5+ 61. Kf4 Re2 62. Ra5+ Ke6) 60. Ra5+ Ke6 61. Kf3 Re5 62. Ra8 Rb5 63. Ke2 Kd5 64. Ra4 e6 65. Rh4 Rb3 66. Kd2 Rg3 67. Ra4 e5 68. Rh4 Rf3 69. Ke2 Rc3 70. Rg4 Rh3 71. Ra4 Ke6 72. Rb4 Kf5 73. Ra4 $1 Rh2+ 74. Ke3 Rb2 75. Rc4 Rb1 76. Ke2 Ra1 77. Rb4 Rh1 78. Ra4 e4 {Black wants to play ...Rh2+.} 79. Ra8 {Precision: White = 73%, Black = 70%.} 1/2-1/2

[Event "7th RTU Open 2017"]
[Site "Riga"]
[Date "2017.08.12"]
[Round "8"]
[White "Tomazini, Zan"]
[Black "Blomqvist, Erik"]
[Result "0-1"]
[WhiteElo "2395"]
[BlackElo "2525"]
[Annotator "TA"]
[PlyCount "122"]
[EventDate "2017.??.??"]
[EventType "swiss"]
[EventCountry "LAT"]
[SourceTitle "playchess.com"]
[Source "ChessBase"]
[SourceQuality "1"]

{[%evp 28,122,31,0,10,0,0,0,0,0,0,0,0,0,0,0,2,15,9,0,0,0,7,0,9,6,33,0,0,0,0,0,0,0,0,0,0,-14,0,0,0,0,0,0,0,-21,-25,-27,0,0,35,-70,-56,-113,-119,-115,-41,-183,-197,-169,-154,-144,-144,-144,-144,-144,-144,-147,-81,-241,-223,-360,-354,-354,-347,-315,-294,-462,-458,-450,-435,-470,-466,-466,-446,-1445,-466,-2025,-1942,-5953,-6103,-29979,-29980,-29982,-29984,-29984,-29985]} 1. e4 c5 2. Nf3 Nc6 3. d4 cxd4 4. Nxd4 e6 5. Nc3 Qc7 6. Be3 a6 7. Be2 Nf6 8. O-O Bb4 9. Nxc6 bxc6 10. Na4 O-O 11. Nb6 Rb8 12. Nxc8 Rfxc8 13. Bxa6 {B49: Sicilian: Taimanov: 5 Nc3 Qc7 6 Be3 a6 7 Be2} Rd8 (13... Re8 14. Bd3 Bd6 15. f4 e5 16. f5 Rxb2 17. g4 Rb4 18. c3 Rxe4 19. Bxe4 Nxe4 20. Qd3 Nf6 21. Rad1 Nd5 {½-½ (50) Bernadskiy,V (2511)-Kovalenko,I (2657) Albena 2015}) 14. Bd3 Bd6 15. g3 {LiveBook: 3 Games. White is slightly better.} Be5 16. a4 Bxb2 17. Ra2 Bc3 18. a5 $146 ({Predecessor:} 18. Bd2 Qa5 19. Bxc3 Qxc3 20. a5 Rb4 {1-0 (36) Gara,T (2233)-Szabolcsi,J (2441) Budapest 1999}) 18... Bxa5 19. Qa1 Bb6 {...Bxe3 is the strong threat.} 20. Bg5 e5 21. Bxf6 $1 gxf6 22. Qd1 Qd6 23. Qg4+ Kh8 24. Qh5 Qf8 25. Kg2 Qg7 26. Rb1 Qg6 (26... Bc5 $5 {[%cal Rb8b1]} 27. Rxb8 Rxb8 $11) 27. Qf3 Bc5 28. Rxb8 Rxb8 29. h4 Kg7 30. Ra5 Bd4 31. Ra3 Kf8 32. Rb3 Ra8 33. Rb7 Ke7 34. Bc4 Ra1 35. c3 Bc5 36. Qd3 Qg4 37. Rb1 Ra3 {White must now prevent ...Rxc3!} 38. Bb3 {With the idea Qc4.} f5 39. f3 (39. exf5 $14 h6 40. Bd1) 39... fxe4 $15 40. Qxe4 (40. fxe4 $15 d6 41. Bc4) 40... Qxe4 $17 41. fxe4 $15 {[%mdl 4096] Endgame KRB-KRB} h5 (41... h6 $17 {aiming for ...f5!} 42. Kf3 f5 $1 {[%mdl 512]} 43. exf5 Kf6) 42. Kf3 {[#]} (42. c4 $15) 42... f5 $1 $19 {[%mdl 512]} 43. exf5 Kf6 44. g4 d5 45. gxh5 Kxf5 46. Ke2 e4 47. Kd2 Be7 ({Better is} 47... Bf2 48. Kc2 Ke5) 48. Bc2 $2 (48. h6 $17 {was called for.}) 48... Bxh4 49. Rb3 (49. Rf1+ {is a better defense.} Ke6 50. Rg1) 49... Bg5+ 50. Kd1 Ra5 51. Rb6 Rc5 52. Ba4 (52. Rb3 $142) 52... Rxc3 {Hoping for ...Rc1+.} 53. Rxc6 Ra3 54. Bc2 Ke5 55. h6 Rh3 56. Rb6 (56. Rc5 $142) 56... Bxh6 (56... Rh1+ $142 57. Ke2 Bxh6) 57. Bb3 (57. Ba4 $142) 57... d4 {[%cal Bd5d4,Bd4d3,Bd3d2][%mdl 32]} 58. Re6+ Kf5 59. Bd5 Rh1+ {Black mates.} 60. Kc2 d3+ 61. Kc3 d2 {Precision: White = 35%, Black = 66%.} 0-1

[Event "7th RTU Open 2017"]
[Site "Riga"]
[Date "2017.08.12"]
[Round "8"]
[White "Rakesh Kumar Jena"]
[Black "Kobo, Ori"]
[Result "1-0"]
[WhiteElo "2394"]
[BlackElo "2497"]
[Annotator "TA"]
[PlyCount "151"]
[EventDate "2017.??.??"]
[EventType "swiss"]
[EventCountry "LAT"]
[SourceTitle "playchess.com"]
[Source "ChessBase"]
[SourceQuality "1"]

{[%evp 17,151,20,24,41,29,5,34,42,85,79,86,75,88,77,95,94,111,96,133,79,81,73,72,69,89,75,150,148,151,158,159,147,147,127,129,108,139,114,133,126,172,153,153,154,149,141,151,142,245,241,313,261,412,456,403,404,437,402,403,386,404,401,695,695,725,710,737,702,870,469,453,446,787,788,697,585,750,739,562,729,702,683,621,594,841,823,877,830,756,806,1225,1582,1294,944,5812,5314,1813,426,12831,12832,12823,12823,12834,12833,12837,12838,12838,12839,12840,12840,12841,12841,12841,12842,12842,12843,12843,12843,12844,12844,12845,12845,12845,12846,12850,29978,29976,29979,29981,29982,29982,29983,29983,29984,29985,29986]} 1. e4 g6 2. d4 Bg7 3. Nf3 d6 4. Nc3 Nf6 5. Be2 O-O 6. O-O e6 7. h3 Nc6 8. Be3 a6 9. a4 b6 10. Qd2 {B08: Pirc Defence: Classical System} Bb7 11. Rad1 (11. Bg5 Ne7 12. Qe3 c5 13. Rfd1 Qc7 14. dxc5 bxc5 15. Qf4 Ne8 16. Qh4 Nc6 17. Bh6 Qe7 {½-½ (86) Harikrishna,P (2727)-Ponomariov,R (2714) Beijing 2014}) 11... Nb4 12. Bg5 {White is slightly better.} Qc8 $146 ({Predecessor:} 12... Qe8 13. Rfe1 c5 14. d5 exd5 15. exd5 Qd7 16. Bc4 {½-½ (56) Haapaniemi,J-Halmeenmaki,T Finland 2000}) 13. e5 Nd7 {[%cal Rd6e5]} 14. exd6 cxd6 15. Be7 Qc6 16. Bxf8 Rxf8 17. Rfe1 Rc8 18. Bf1 (18. Nb5 $142 axb5 19. Qxb4 (19. Bxb5 Qxc2 20. Qxb4 Nf6 $16)) 18... Nf6 $16 19. Nh2 h5 20. Ra1 a5 21. Rac1 Kh7 ({Black should play} 21... Qd7) 22. Nf3 Bh6 23. Ng5+ Kg7 24. h4 Qd7 25. Bb5 Qe7 26. Bd3 {[%cal Bb5d3,Bd3e4,Be4f3][%mdl 32]} Ba8 27. f3 Nh7 {[%cal Rh7g5]} 28. f4 Qf6 29. Be4 d5 30. Bf3 Qe7 31. Nb5 Nf6 32. c3 Na6 (32... Nc6 $16 33. g3 Bb7) 33. Qe2 $18 Nc7 34. c4 {Strongly threatening cxd5.} dxc4 (34... Nxb5 $142 35. cxb5 (35. axb5 dxc4 36. Bxa8 Rxa8 $16) 35... Rxc1 36. Rxc1 Ne4) 35. Rxc4 Bxf3 36. Qxf3 {Black must now prevent Qb7.} ({But not} 36. gxf3 Nfd5 $18) 36... Nfd5 37. Rec1 Nxb5 38. Rxc8 Nxd4 39. Qd3 e5 (39... Nf5 $142 40. R1c7 Nxc7 41. Qc3+ Qf6) 40. Qe4 Bxg5 41. fxg5 Qe6 42. Rd8 Ne7 43. Rxd4 exd4 44. Qxd4+ {[%mdl 4096] Endgame KQR-KQN} Kh7 (44... Kg8 $142 45. Rd1 Nf5) 45. Qc4 Qe3+ 46. Kh1 Kg8 47. Rd1 Nf5 48. Rd8+ Kg7 {[#]} 49. Qc3+ $1 Qxc3 50. bxc3 {KR-KN} Ng3+ 51. Kg1 Ne2+ 52. Kf2 Nxc3 53. Rd4 b5 54. axb5 {b6 would kill now.} Nxb5 55. Ra4 Nc3 56. Rxa5 Ne4+ 57. Kf3 Nd2+ (57... Nd6 $142 58. g4 Nb7) 58. Kf4 Nf1 59. Ra4 Kf8 60. g3 Nh2 61. Ke5 Kg7 62. Rf4 Kf8 63. Kf6 Ng4+ 64. Rxg4 hxg4 {K3P-K3P} 65. Ke5 Ke7 66. Kf4 Ke6 67. Kxg4 {K3P-KPP} Ke5 68. Kf3 Kf5 69. g4+ Ke5 {[#]} 70. Ke3 $1 {[%cal Re3f3]} ({Not} 70. h5 gxh5 71. gxh5 Kf5 $11) 70... f6 71. gxf6 Kxf6 {White mates.} 72. Kd4 Ke7 73. Ke5 Kf7 74. Kd6 Kf6 75. g5+ Kf5 76. Ke7 {Precision: White = 82%, Black = 39%.} 1-0

[Event "7th RTU Open 2017"]
[Site "Riga"]
[Date "2017.08.12"]
[Round "8"]
[White "Agmanov, Zhandos"]
[Black "Valsecchi, Alessio"]
[Result "0-1"]
[WhiteElo "2393"]
[BlackElo "2493"]
[Annotator "TA"]
[PlyCount "78"]
[EventDate "2017.??.??"]
[EventType "swiss"]
[EventCountry "LAT"]
[SourceTitle "playchess.com"]
[Source "ChessBase"]
[SourceQuality "1"]

{[%evp 14,78,41,40,23,41,96,82,99,87,81,81,59,50,84,91,82,77,83,41,58,29,60,23,31,36,52,-82,-78,-96,-98,-79,-66,-86,-82,-80,-56,-60,-60,-62,-58,-60,-36,-98,-104,-94,-81,-161,-167,-163,-162,-163,-162,-193,-192,-196,-174,-191,-170,-168,-179,-230,-189,-527,-540,-877,-527]} 1. e4 c5 2. Nf3 d6 3. d4 cxd4 4. Nxd4 Nf6 5. Nc3 e6 6. Be3 Be7 7. g4 d5 {B81: Sicilian Scheveningen: Keres Attack} (7... h6 8. Qe2 Nc6 9. O-O-O Bd7 10. f4 Nxd4 11. Bxd4 Qa5 12. Rg1 e5 13. Be3 Rc8 14. g5 hxg5 15. fxg5 Nh5 {1-0 (34) Jones,G (2657)-Valsecchi,A (2494) Gjakova 2016}) 8. Bb5+ {LiveBook: 6 Games} Bd7 9. exd5 {[#] Strongly threatening d6.} Nxd5 (9... Bxb5 $14 10. Ndxb5 a6) 10. Nxd5 $16 exd5 11. Bxd7+ Qxd7 12. Qf3 $146 ({Predecessor:} 12. Nf5 O-O 13. Qd2 Nc6 14. O-O-O Rfd8 15. Kb1 {0-1 (79) Bures,J (2259)-Petrik,T (2529) Brezova pod Bradlom 2009}) 12... O-O 13. O-O-O Rd8 14. Nf5 Bf8 15. Kb1 Nc6 16. Bd4 Rac8 17. g5 {[#] Black must now prevent Nh6+!} Qe6 18. Rhe1 Nxd4 19. Nxd4 Qb6 20. Nb3 (20. h4 $14 {keeps the upper hand.}) 20... Qg6 $17 21. Rd3 Qxg5 22. Red1 {[%cal Rd3d5]} Qg6 23. Nd4 Qe4 24. Qg3 Re8 25. f3 Qg6 26. Qxg6 hxg6 27. c3 Re5 28. Kc2 (28. Nb3 $15) 28... Rh5 29. R1d2 Bd6 30. Nb5 (30. Ne2 $17 {was called for.}) 30... Bf4 $36 {[%mdl 2048] And now ...a6 would win. White is under strong pressure.} ({Resist} 30... Bxh2 31. Rxd5 Rxd5 32. Rxd5 $17) 31. Re2 a6 32. Nd4 Kf8 33. b4 Bxh2 34. Nb3 b6 {[%cal Bb7b6,Bb6a5][%mdl 32]} 35. a4 Be5 36. a5 bxa5 37. Nc5 (37. Nxa5 {is a better defense.} d4 38. f4) 37... Bd6 38. Nb7 $2 (38. Nd7+ {was the crucial defense.} Kg8 39. Nb6) 38... Bxb4 39. Kd2 Be7 {Precision: White = 55%, Black = 64%.} 0-1

[Event "7th RTU Open 2017"]
[Site "Riga"]
[Date "2017.08.12"]
[Round "8"]
[White "D`Costa, Lorin A R"]
[Black "Christiansen, Johan-Sebastian"]
[Result "1/2-1/2"]
[WhiteElo "2390"]
[BlackElo "2475"]
[Annotator "TA"]
[PlyCount "79"]
[EventDate "2017.??.??"]
[EventType "swiss"]
[EventCountry "LAT"]
[SourceTitle "playchess.com"]
[Source "ChessBase"]
[SourceQuality "1"]

{[%evp 19,79,29,36,9,9,5,8,8,12,7,0,14,86,88,95,85,85,89,82,82,82,22,32,22,36,-41,-16,-18,42,42,42,43,91,27,88,57,62,55,64,8,8,8,8,8,8,0,0,0,0,0,15,5,8,8,7,7,6,12,5,6,6,31]} 1. c4 e5 2. g3 Nc6 3. Nc3 g6 4. Bg2 Bg7 5. d3 d6 6. e4 f5 7. Nge2 Nf6 8. O-O O-O 9. Nd5 f4 {A26: English Opening vs King's Indian with ...Nc6 and d3} (9... Be6 10. Bg5 Qd7 11. Qd2 Nh5 12. exf5 Bxf5 13. b4 Rae8 14. b5 Nd8 15. Bxd8 Rxd8 16. Nec3 c6 17. Nb4 Rc8 18. a4 {1-0 (41) Nisipeanu,L (2668)-Kozul,Z (2594) Bled 2016}) 10. gxf4 Nh5 {LiveBook: 6 Games} 11. f5 gxf5 12. Ng3 Nf4 $1 {[%cal Rf4g2]} 13. Nxf4 exf4 14. Nxf5 $146 ({Predecessor:} 14. Bxf4 fxe4 15. Nh5 Kh8 16. Bxe4 {0-1 (29) Baghdasaryan,V (2488)-Moussard,J (2539) Barcelona 2016}) 14... Bxf5 15. exf5 Rxf5 {[#]} (15... Qh4 $11 {remains equal.}) 16. Be4 $1 $16 {[%cal Re4f5]} Rg5+ 17. Kh1 Qf6 18. Qf3 Rf8 19. Qh3 h6 20. Rg1 ({White should try} 20. Bd2 $16) 20... Rxg1+ $11 21. Kxg1 Nd4 {[%cal Bc6d4,Bd4e2,Be2f4,Bf4d3][%mdl 32]} 22. Qh5 ({Better is} 22. Bd2 $14) 22... c6 23. Bd2 f3 (23... Qg5+ $11 24. Qxg5 hxg5) 24. Kh1 $14 {[#] Threatens to win with Rg1.} Ne2 25. Rb1 a6 26. Be3 (26. Qg4 $16) 26... Kh8 (26... Qf7 $11 27. Qg4 d5 28. cxd5 cxd5) 27. Re1 Qe6 28. b3 ({Much weaker is} 28. Bxf3 Nf4 $15) 28... Kg8 29. Bxf3 (29. b4 $14) 29... Nf4 $11 {The position is equal.} 30. Qg4 Qxg4 31. Bxg4 Nxd3 32. Re2 Be5 33. Kg2 Kg7 34. Rd2 Ne1+ 35. Kf1 Nf3 36. Bxf3 $1 Rxf3 37. Kg2 Rf5 38. f4 Bxf4 39. Bxf4 Rxf4 40. Rxd6 {Precision: White = 54%, Black = 42%.} 1/2-1/2